A grande invasão (Registo nº 1772)
[ vista simples ]
| 000 -Etiqueta do registo | |
|---|---|
| Cabeçalho | 00971nam a22003251 4500 |
| 005 - Identificador da versão | |
| Campo de controlo | 20240813121916.0 |
| 095 ## - | |
| -- | PTBN00356112 |
| 010 ## - Número internacional normalizado dos livros (ISBN) | |
| Número (ISBN) | 9727100392 |
| 021 ## - Número do Depósito Legal | |
| Código do país | PT |
| Número | 50482/91 |
| 100 ## - Dados gerais de processamento | |
| Dados gerais de processamento | 2007 d1991 cd y0pory5003 ba |
| 102 ## - Pais de publicação ou produção | |
| País de publicação | Portugal |
| 101 1# - Língua de publicação | |
| Língua do texto, banda sonora, etc. | Português |
| Língua do documento no original | Inglês |
| 106 ## - Campo de dados codificados: material textual | |
| Dados codificados do material textual | r |
| 105 ## - Campo de dados codificados: livros | |
| Dados codificados dos livros | a t 000yy |
| 215 ## - Descrição física | |
| Indicação específica da natureza do documento e extensão da espécie | 23, [2] p. |
| Outras indicações físicas | todo il. |
| Dimensões | 33 cm |
| 200 1# - Titulo e menção de responsabilidade | |
| Título próprio | A grande invasão |
| Primeira menção de responsabilidade | il. Philippe Dupasquier |
| Outras menções de responsabilidade | ideia Martin Waddell |
| -- | trad. Ana Paula Faria |
| 225 2# - Colecção | |
| Título próprio da colecção | Wally |
| Indicação de volume | 1 |
| 210 ## - Publicação, Distribuição, etc. | |
| Lugar da edição, distribuição, etc. | Mem Martins |
| Nome do editor, distribuidor, etc. | Terramar |
| Data da publicação, distribuição, etc. | D.L. 1991 |
| 304 ## - Notas relativas a título e menção de responsabilidade | |
| Texto da nota | Tít. orig.: The great green mouse disaster |
| 606 ## - Nome comum usado como assunto | |
| Número de registo de entrada de autoridade | 0000243 |
| Palavra de ordem | Literatura estrangeira infantil |
| Subdivisão de assunto | Banda desenhada |
| 675 ## - Classificação Decimal Universal (CDU) | |
| Notação | 82-9 |
| Edição | 2ª |
| Língua da edição | por |
| 702 #1 - Nome de autor-pessoa física (responsabilidade secundária) | |
| Número de registo de entrada de autoridade | 0000280 |
| Palavra de ordem | Faria |
| Outra parte do nome não tomada para palavra de ordem | Ana Paula |
| Código de função | Tradutor |
| 701 #1 - Nome de autor-pessoa física (co-responsabilidade principal) | |
| Palavra de ordem | Waddell |
| Outra parte do nome não tomada para palavra de ordem | Martin |
| Código de função | Autor / Co-autor |
| 700 #1 - Nome de autor-pessoa física (responsabilidade principal) | |
| Número de registo de entrada de autoridade | 0000278 |
| Palavra de ordem | Dupasquier |
| Outra parte do nome não tomada para palavra de ordem | Philippe |
| 942 ## - Elementos de entrada adicionados (Koha) | |
| Tipo de item no Koha | Livro |
| Situação do levantamento | Origin of item (home branch) (coded) | Biblioteca de empréstimo | Código de barras | Cota | Circulation type (not for loan) | Tipo de documento | Nota do exemplar | Damaged status |
|---|---|---|---|---|---|---|---|---|
| Biblioteca Escolar da Coca Maravilhas | Biblioteca Escolar da Coca Maravilhas | BECM3985/98 | 8BD DUP | Livro | Sem mensagem |
